| 000 | 00428cam a2200169ua 4500 | ||
|---|---|---|---|
| 041 |
_aeng _h |
||
| 082 |
_a028.7662 _bVAR/DI |
||
| 100 | _aVarma, C.V.J . | ||
| 245 | 0 | 0 |
_aDirectory of Tunnels in India / _cC.V.J. Varma. _hTextual Documents |
| 260 |
_a : _bCentral Board of Irrigation & power , _c1997. |
||
| 300 | _a521 ; . | ||
| 504 | _a | ||
| 700 | 1 | _aRao, A.R.G . | |
| 700 | 1 | _aT, . | |
| 942 | _cBK | ||
| 999 |
_c709 _d709 |
||